[Event "Asian Zonal-ch 3.5 Women 2019"]
[Site "Zi Bo"]
[Date "2019.09.10"]
[Round "10.12"]
[White "Zhao, Caidi"]
[Black "Zhang, Yuxuan"]
[Result "0-1"]
[WhiteElo "1540"]
[BlackElo "1979"]
[Annotator "NA RC"]
[PlyCount "110"]
[EventDate "2019.09.05"]
[EventType "swiss"]
[EventCountry "CHN"]
[SourceTitle "playchess.com"]
[Source "ChessBase"]
[SourceQuality "1"]
[TimeControl "5400+30"]

1. e4 {[%emt 0:00:00]} c5 {[%emt 0:00:00]} 2. Nf3 {[%emt 0:00:00]} Nc6 {[%emt 0:00:00]} 3. d4 {[%emt 0:00:00]} cxd4 {[%emt 0:00:00]} 4. Nxd4 {[%emt 0:00:00]} e6 {[%emt 0:00:00]} 5. Nc3 {[%emt 0:00:21]} a6 {[%emt 0:00:00]} 6. a3 {[%emt 0:00:40]} Qc7 {[%emt 0:00:02]} 7. Be3 {[%emt 0:00:29]} Nf6 {[%emt 0:00:52]} 8. Be2 {[%emt 0:02:41]} b5 {[%emt 0:00:10]} 9. Nxc6 {[%emt 0:00:37]} dxc6 {[%emt 0:00:11]} 10. O-O {[%emt 0:01:55]} Bb7 {[%emt 0:00:21]} 11. f4 {[%emt 0:02:51]} Be7 {[%emt 0:00:50]} 12. Bf3 {[%emt 0:01:30]} O-O {[%emt 0:01:16]} 13. Qe2 {[%emt 0:02:39] B49: Sicilian: Taimanov: 5 Nc3 Qc7 6 Be3 a6 7 Be2} Rad8 {[%emt 0:03:49]} 14. Rad1 {[%emt 0:01:23]} c5 {[%emt 0:00:19]} 15. e5 {[%emt 0:01:54]} Nd7 $146 {[%emt 0:02:05]} ({Predecessor:} 15... Nd5 16. Nxd5 exd5 17. Bf2 d4 18. Bxb7 Qxb7 19. f5 {0-1 (37) Barros,R (2194)-Rodriguez,G (2167) Quibdo 2015}) 16. Bxb7 {[%emt 0:05:16]} Qxb7 {[%emt 0:00:08]} 17. Bc1 {[%emt 0:02:26]} Nb6 {[%emt 0:08:21]} 18. Ne4 {[%emt 0:06:11]} Qc6 {[%emt 0:00:39]} 19. Rfe1 {[%emt 0:04:46]} c4 {[%emt 0:01:50]} 20. Kh1 {[%emt 0:02:12]} Nd5 {[%emt 0:00:56]} 21. Qf3 {[%emt 0:02:25]} Qc7 {[%emt 0:01:59]} 22. Nc3 {[%emt 0:02:38]} Nxc3 {[%emt 0:01:17]} 23. Qxc3 {[%emt 0:00:38]} Rxd1 {[%emt 0:00:28]} 24. Rxd1 {[%emt 0:00:02]} f6 {[%emt 0:00:07]} 25. exf6 {[%emt 0:06:39]} Bxf6 {[%emt 0:00:08]} 26. Qe3 {[%emt 0:04:59]} Re8 {[%emt 0:00:57]} 27. c3 {[%emt 0:02:15]} h6 {[%emt 0:00:45]} 28. Qe4 {[%emt 0:01:53]} a5 {[%emt 0:04:33]} 29. Be3 {[%emt 0:04:04]} e5 {[%emt 0:14:40]} 30. Kg1 {[%emt 0:07:31]} Qf7 {[%emt 0:03:32]} 31. Qd5 {[%emt 0:08:32]} exf4 {[%emt 0:00:10]} 32. Bxf4 {[%emt 0:00:45]} Re1+ {[%emt 0:00:10]} 33. Kf2 {[%emt 0:01:21]} Rxd1 {[%emt 0:00:07]} 34. Qxd1 {[%emt 0:00:01]} g5 {[%emt 0:00:10]} 35. Bc1 $2 {[%emt 0:06:35]} (35. Be3 {was the crucial defense.} Bxc3+ {[%mdl 64] Discovered Attack} 36. Kg1 Bxb2 37. Qd8+ Kg7 38. Bd4+ Bxd4+ 39. Qxd4+ Kf8 40. Qd8+ Qe8 41. Qxa5) 35... Bd4+ {[%emt 0:00:15] Discovered Attack (Double check)} 36. Kg3 {[%emt 0:03:58]} Qf2+ {[%emt 0:00:09]} 37. Kg4 {[%emt 0:00:07]} Qxg2+ {[%emt 0:01:23] Double Attack} 38. Kf5 {[%emt 0:01:16]} Qd5+ {[%emt 0:01:32]} 39. Kg4 $19 {[%emt 0:00:23]} Qe6+ {[%emt 0:02:35]} 40. Kh5 {[%emt 0:03:21]} Kh7 {[%emt 0:01:48]} 41. Qf3 {[%emt 0:02:36]} Qg6+ {[%emt 0:00:39]} 42. Kg4 {[%emt 0:00:20]} h5+ {[%emt 0:00:50]} 43. Kg3 {[%emt 0:00:22]} Be5+ {[%emt 0:00:21]} 44. Kg2 {[%emt 0:01:48]} Qc2+ {[%emt 0:00:07]} 45. Qf2 {[%emt 0:00:07]} Qxf2+ {[%emt 0:00:05]} 46. Kxf2 {[%emt 0:00:02]} Kg6 {[%emt 0:00:07]} 47. h3 {[%emt 0:00:52]} Kf5 {[%emt 0:00:04]} 48. Be3 {[%emt 0:02:10]} Bc7 {[%emt 0:01:00]} 49. Kf3 {[%emt 0:01:23]} g4+ {[%emt 0:00:08]} 50. Kg2 {[%emt 0:01:31]} Ke4 {[%emt 0:00:04]} 51. Bc5 {[%emt 0:00:22]} Kd3 {[%emt 0:00:06]} 52. a4 {[%emt 0:00:25]} bxa4 {[%emt 0:00:15]} 53. Ba3 {[%emt 0:00:12]} Kc2 {[%emt 0:00:07]} 54. hxg4 {[%emt 0:00:10]} hxg4 {[%emt 0:00:04]} 55. Kf2 {[%emt 0:00:27]} Bf4 {[%emt 0:00:07]} 0-1

[Event "Asian Zonal-ch 3.5 Women 2019"]
[Site "Zi Bo"]
[Date "2019.09.11"]
[Round "11.1"]
[White "Hu, Yu A."]
[Black "Zhu, Jiner"]
[Result "1-0"]
[WhiteElo "2105"]
[BlackElo "2471"]
[Annotator "TA"]
[PlyCount "79"]
[EventDate "2019.09.05"]
[EventType "swiss"]
[EventCountry "CHN"]
[SourceTitle "playchess.com"]
[Source "ChessBase"]
[SourceQuality "1"]

{[%evp 11,79,0,0,0,-14,-12,36,17,27,0,0,-361,120,131,153,151,147,124,147,130,141,156,138,128,361,347,352,354,345,358,324,328,332,265,326,337,336,329,328,321,478,459,473,475,469,447,497,350,333,337,514,520,518,510,511,512,515,496,525,543,553,526,607,600,616,454,612,607,564,543]} 1. e4 e5 2. Nf3 Nc6 3. Bb5 g6 4. d4 exd4 5. Nxd4 Bg7 6. Nxc6 bxc6 7. Ba4 {C60: Ruy Lopez: Unusual Black 3rd moves and 3...g6} Ba6 8. Nc3 Nf6 $146 ({Predecessor:} 8... Qe7 9. Qf3 Rb8 10. Bd2 Rxb2 11. Bb3 Nf6 12. O-O-O Qa3 13. Nb5 Rxb3+ 14. Nxa3 Rxf3 15. gxf3 {0-1 (37) Firman,N (2517)-Jussupow,A (2583) Germany 2007}) 9. Be3 {White is slightly better.} O-O 10. Qd2 Rb8 11. O-O-O $2 {[%mdl 8192] [#]} (11. f3 $1 $11 {and White is okay.}) 11... Rxb2 $2 {[#]} (11... Nxe4 $1 $19 {[%mdl 512]} 12. Qxd7 (12. Nxe4 Bxb2+) 12... Bxc3) 12. e5 $1 $16 {[%cal Re5f6]} (12. Kxb2 $2 {loses.} Nxe4 13. Qxd7 Nxc3 $19) 12... Rb4 13. Bg5 {[%mdl 64] Pin} Rg4 14. Bxf6 ({Don't do} 14. exf6 Bxf6 15. Bxf6 Qxf6 $16) 14... Bxf6 15. exf6 Qxf6 {[#] Hoping for ...Rxa4!} 16. Bb3 $1 (16. Qxd7 Qxc3 17. Qxg4 Qa1+ 18. Kd2 Rd8+ 19. Ke3 Qc3+ 20. Kf4 Re8 $17) 16... Rxg2 17. Qd4 $36 {[%mdl 2048] White has strong initiative.} Qg5+ $2 (17... Qxd4 $16 18. Rxd4 Bc8) 18. f4 $18 c5 19. fxg5 cxd4 20. Rxd4 Rxg5 21. Rxd7 Rc5 22. Kb2 Kg7 23. Re1 Bc8 24. Rde7 Bf5 25. Ne4 Rb5 (25... Bxe4 $142 26. R1xe4 Kf6) 26. a4 Rb4 27. Nc5 Rf4 28. R1e2 Bg4 29. Rd2 Rc8 30. Nd3 Rf3 (30... Kf8 {was necessary.} 31. Nxf4 Kxe7 32. Nd5+ Kf8) 31. Rf2 {White is clearly winning.} Rxf2 32. Nxf2 Bf5 33. Rxf7+ Kh6 34. Nd1 a5 35. Ne3 Bh3 36. Nd5 c5 37. Nf6 Bf5 38. Rxh7+ Kg5 39. Nd5 c4 40. h4+ {Accuracy: White = 78%, Black = 40%.} 1-0

[Event "Asian Zonal-ch 3.5 Women 2019"]
[Site "Zi Bo"]
[Date "2019.09.11"]
[Round "11.2"]
[White "Li, Yunshan"]
[Black "Huang, Qian"]
[Result "1/2-1/2"]
[WhiteElo "2261"]
[BlackElo "2429"]
[Annotator "TA"]
[PlyCount "60"]
[EventDate "2019.09.05"]
[EventType "swiss"]
[EventCountry "CHN"]
[SourceTitle "playchess.com"]
[Source "ChessBase"]
[SourceQuality "1"]

{[%evp 25,60,0,0,0,0,0,4,-7,0,0,0,0,0,0,0,-5,-7,-10,0,0,0,0,0,0,0,0,0,0,0,0,0,0,0,0,0,0,0]} 1. d4 d5 2. c4 c6 3. cxd5 cxd5 4. Nc3 Nf6 5. Nf3 Nc6 6. Bf4 Bf5 7. e3 e6 8. Bd3 Bxd3 9. Qxd3 Bd6 10. Bxd6 Qxd6 11. O-O O-O 12. Rfc1 Rfc8 13. h3 h6 {The position is equal.} 14. a3 {D14: Slav Defence: Exchange variation with ...Bf5} Nd7 15. Na4 (15. Ne2 a6 16. Rc3 Ne7 17. Rac1 Rxc3 18. Rxc3 Rc8 19. Rxc8+ Nxc8 20. Qc3 Ne7 21. Ne1 Qc6 {½-½ (31) Bai,J (2606)-Bu,X (2729) Daqing 2019}) 15... Ne7 {[#]} 16. Nd2 $146 ({Predecessor:} 16. Nc3) 16... Rxc1+ (16... Rc6 {feels hotter.} 17. Nb3 Rac8 18. Qd1 Rc4 19. Nd2 R4c7) 17. Rxc1 Rc8 18. Rxc8+ Nxc8 19. Qc3 Ne7 20. Nb3 b6 21. Nd2 Qc6 22. Qxc6 Nxc6 $11 {[%mdl 4096] Endgame KNN-KNN} 23. Nc3 Kf8 24. Kf1 Ke7 25. Ke2 Kd6 26. Kd3 a6 27. b3 Ke7 28. Ke2 Kd6 29. Kd3 Ke7 30. Ke2 Kd6 {Accuracy: White = 72%, Black = 67%.} 1/2-1/2

[Event "Asian Zonal-ch 3.5 Women 2019"]
[Site "Zi Bo"]
[Date "2019.09.11"]
[Round "11.3"]
[White "Ren, Xiaoyi"]
[Black "Zhai, Mo"]
[Result "1/2-1/2"]
[WhiteElo "2231"]
[BlackElo "2360"]
[Annotator "TA"]
[PlyCount "61"]
[EventDate "2019.09.05"]
[EventType "swiss"]
[EventCountry "CHN"]
[SourceTitle "playchess.com"]
[Source "ChessBase"]
[SourceQuality "1"]

{[%evp 10,61,0,-27,-14,-10,-20,-23,-14,-70,-87,-72,-64,-75,-74,-37,-25,-38,-25,-27,-16,-25,-21,-47,-25,-41,-40,-57,-18,-32,-41,-42,-8,0,0,-45,-11,-25,-7,-46,-44,-64,-58,-61,-58,-66,-20,-27,-6,-45,0,-22,0,-47]} 1. d4 Nf6 2. c4 e6 3. Nf3 d5 4. Bg5 dxc4 5. Qa4+ Nbd7 6. Qxc4 c5 {D30: Queen's Gambit Declined: Systems without Nc3} (6... a6 7. e4 h6 8. Bh4 b5 9. Qc6 Rb8 10. Bxf6 gxf6 11. Nbd2 Bb7 12. Qc2 c5 13. d5 c4 14. Be2 {1-0 (40) Yuffa,D (2563)-Lysyj,I (2631) Cheliabinsk 2018}) 7. e3 a6 8. dxc5 Bxc5 {Black has an edge.} 9. b4 (9. Bd3 $11) 9... b5 $15 10. Qb3 Be7 11. Nc3 Bb7 $146 ({Predecessor:} 11... O-O 12. Be2 a5 13. O-O axb4 14. Nxb5 {1-0 (46) Collas,S (2311)-Vera Gonzalez Quevedo,R (2518) Cappelle-la-Grande 2011}) 12. Be2 O-O 13. O-O h6 14. Bh4 $1 Nd5 15. Bxe7 Qxe7 16. Nxd5 Bxd5 17. Qb2 Nb6 18. Qd4 Qb7 19. Rfc1 Rac8 20. a3 Rc7 21. Rxc7 Qxc7 22. e4 Bb7 23. Rd1 Na4 {Threatening ...Nc3.} 24. Kf1 Qc2 25. Qd3 Qxd3 26. Rxd3 Bxe4 27. Rd6 Bb7 28. Rd7 Bc6 29. Rd6 Bb7 30. Rd7 Bc6 31. Rd6 {Accuracy: White = 52%, Black = 54%.} 1/2-1/2

[Event "Asian Zonal-ch 3.5 Women 2019"]
[Site "Zi Bo"]
[Date "2019.09.11"]
[Round "11.4"]
[White "Song, Yuxin"]
[Black "Lei, Tingjie"]
[Result "1/2-1/2"]
[WhiteElo "2305"]
[BlackElo "2483"]
[Annotator "TA"]
[PlyCount "20"]
[EventDate "2019.09.05"]
[EventType "swiss"]
[EventCountry "CHN"]
[SourceTitle "playchess.com"]
[Source "ChessBase"]
[SourceQuality "1"]

{[%evp 19,20,0,10]} 1. d4 d5 2. c4 c6 3. cxd5 cxd5 4. Nf3 Nc6 $146 ({Predecessor:} 4... Nf6 5. Nc3 {½-½ (10) Hammer,J (2631)-Vitiugov,N (2734) Helsingor 2018}) 5. Nc3 Nf6 6. Bf4 Nh5 7. Bd2 Nf6 8. Bf4 Nh5 9. Bd2 Nf6 10. Bf4 Nh5 1/2-1/2

[Event "Asian Zonal-ch 3.5 Women 2019"]
[Site "Zi Bo"]
[Date "2019.09.11"]
[Round "11.5"]
[White "Zhang, Yuxuan"]
[Black "Gu, Tianlu"]
[Result "0-1"]
[WhiteElo "1979"]
[BlackElo "2239"]
[Annotator "TA"]
[PlyCount "100"]
[EventDate "2019.09.05"]
[EventType "swiss"]
[EventCountry "CHN"]
[SourceTitle "playchess.com"]
[Source "ChessBase"]
[SourceQuality "1"]

{[%evp 13,100,35,42,8,32,27,39,24,18,15,22,-12,-4,-22,-8,-19,-7,-93,-56,-56,-46,-24,-14,-35,-28,-23,-22,-75,-77,-83,-77,-87,-6,-113,-113,-111,-111,-111,-111,-224,-219,-218,-198,-279,-267,-310,-286,-280,-311,-378,-375,-372,-375,-366,-361,-363,-365,-417,-417,-486,-470,-528,-528,-524,-517,-598,-500,-587,-581,-560,-382,-386,0,-499,-489,-472,-472,-472,-457,-572,-555,-1096,-1096,-1075,-1068,-1010,-995,-2704,-2388]} 1. e4 e5 2. Nf3 Nc6 3. Bc4 Nf6 4. d3 Be7 5. O-O O-O 6. Re1 d6 7. a4 Be6 8. Bg5 $146 {C55: Two Knights: 4 d3, 4 d4 exd4 5 e5 and Max Lange Attack} ({Predecessor:} 8. Nbd2 Qd7 9. h3 Rae8 10. a5 a6 11. c3 Bd8 12. b4 Bxc4 13. dxc4 Ne7 14. c5 dxc5 15. Nxe5 Qe6 16. Nd3 cxb4 17. cxb4 {0-1 (40) Wei,Y (2736)-Nepomniachtchi,I (2773) Abidjan 2019}) 8... Qd7 9. Nbd2 h6 10. Bxf6 {White is slightly better.} Bxf6 11. c3 Rad8 12. Nf1 d5 $36 {[%mdl 2048] Black has some pressure.} 13. Bb3 d4 14. Bxe6 Qxe6 15. c4 (15. Qc2 $11) 15... g6 16. Qd2 Kh7 17. b4 a6 18. b5 Nb8 $1 {[%cal Bc6b8,Bb8d7,Bd7c5][%mdl 32]} 19. Reb1 Nd7 20. bxa6 (20. Qc2 $11 {remains equal.}) 20... bxa6 $17 21. Qa5 Qc6 22. Qd5 {[#]} Qc5 (22... Qd6 $1 $17) 23. Rb7 (23. N1d2 $11 {keeps the balance.}) 23... c6 24. Qxc5 Nxc5 25. Rb6 Rc8 26. Ra3 (26. a5 $17) 26... Bd8 $19 27. Rb1 Bc7 28. Ne1 (28. N1d2 $142) 28... Rb8 29. Rba1 Rb2 30. R3a2 Rfb8 31. Nd2 Ba5 32. Rxb2 Rxb2 33. Ndf3 f6 34. Kf1 Kg7 35. h4 g5 36. hxg5 hxg5 37. g4 Kf7 38. Ra3 Ke7 39. Kg2 Kd7 40. Kf1 Kc7 41. Ra1 Rb4 42. Nd2 Rb2 43. Ndf3 Nb3 {Black is clearly winning.} 44. Rd1 Ra2 45. Ng1 Nc5 46. Ne2 Nxa4 47. Ng3 Nb2 48. Rb1 Bxe1 49. Rxe1 Nxd3 {[%mdl 64] [#] Double Attack, Discovered Attack} 50. Re2 Ra1+ {Accuracy: White = 32%, Black = 70%.} 0-1

[Event "Asian Zonal-ch 3.5 Women 2019"]
[Site "Zi Bo"]
[Date "2019.09.11"]
[Round "11.6"]
[White "Yan, Tianqi"]
[Black "Zhou, Zirun"]
[Result "1-0"]
[WhiteElo "2122"]
[BlackElo "2155"]
[Annotator "TA"]
[PlyCount "69"]
[EventDate "2019.09.05"]
[EventType "swiss"]
[EventCountry "CHN"]
[SourceTitle "playchess.com"]
[Source "ChessBase"]
[SourceQuality "1"]

{[%evp 17,69,37,45,5,6,0,57,44,47,50,43,51,44,46,54,51,72,40,79,18,33,24,21,23,45,33,40,26,36,0,29,29,74,77,107,57,82,83,85,80,86,77,520,511,516,537,543,518,521,510,837,848,838,831]} 1. e4 e5 2. Nf3 Nc6 3. Bb5 a6 4. Ba4 Nf6 5. O-O b5 6. Bb3 Bc5 7. a4 Rb8 8. c3 d6 9. d4 Bb6 10. a5 {C78: Ruy Lopez: Archangelsk and Möller Defences} Ba7 $1 11. Be3 (11. h3 O-O 12. Be3 Ra8 13. Nbd2 h6 14. Re1 Re8 15. Qb1 exd4 16. cxd4 Nb4 17. Ra3 c5 18. dxc5 dxc5 19. Bxf7+ Kxf7 {0-1 (33) Lagarde,M (2612)-Jones,G (2698) Reykjavik 2019}) 11... Ra8 (11... Bg4 $11) 12. dxe5 {White is slightly better.} Nxe5 13. Nxe5 dxe5 14. Qxd8+ Kxd8 15. Bxa7 Rxa7 16. Bxf7 Nxe4 {[#]} 17. Ba2 $146 ({Predecessor:} 17. Bd5 Nf6 {½-½ (35) Bernadskiy,V (2589)-Asadli,V (2470) Nakhchivan 2018}) 17... Re8 18. Re1 (18. Rd1+ $16 Nd6 19. Nd2) 18... Nf6 19. Nd2 c5 20. c4 Bf5 21. Nb3 Nd7 22. Rad1 {[#] aiming for Nxc5.} Kc7 23. f4 Be6 24. Nd2 $36 {[%mdl 2048] White has good play.} ({Of course not} 24. fxe5 bxc4 25. Nc1 Bf7 $15) 24... Rb7 25. Ne4 {And now Nd6 would win.} Rbb8 26. fxe5 bxc4 27. Nd6 Re7 28. Bxc4 Rxb2 29. Bxa6 {Black must now prevent Nb5+.} Ra2 $2 {[%mdl 8192] [#]} (29... Bg4 $16 {is more resistant.}) 30. Nb5+ $1 $18 {White is clearly winning.} Kb8 31. Rf1 {White threatens Rf8+! and mate.} Re8 32. Rb1 Rxa5 33. Nd6+ {[%mdl 64] Discovered Attack} Ka7 (33... Kc7 $142 34. Nxe8+ Kd8 35. Nxg7 Rxa6 36. Nxe6+ Rxe6) 34. Nxe8 {Threatening mate with Rb7+.} Rxa6 35. Nc7 {Accuracy: White = 57%, Black = 39%.} 1-0

[Event "Asian Zonal-ch 3.5 Women 2019"]
[Site "Zi Bo"]
[Date "2019.09.11"]
[Round "11.7"]
[White "Ning, Kaiyu"]
[Black "Zhang, Xiao"]
[Result "1-0"]
[WhiteElo "2354"]
[BlackElo "2073"]
[Annotator "TA"]
[PlyCount "152"]
[EventDate "2019.09.05"]
[EventType "swiss"]
[EventCountry "CHN"]
[SourceTitle "playchess.com"]
[Source "ChessBase"]
[SourceQuality "1"]

{[%evp 18,152,39,39,45,42,44,33,43,29,32,24,14,25,14,12,29,0,6,9,20,19,24,-33,0,-52,-8,-34,0,0,120,18,28,18,18,18,18,18,18,18,21,13,12,11,24,24,88,83,160,56,160,17,12,0,13,7,8,7,95,89,89,89,92,94,97,97,80,62,89,89,106,106,106,106,111,106,173,179,235,241,271,264,272,231,309,296,302,289,289,281,272,239,389,389,370,352,462,449,394,299,209,194,595,588,588,556,1349,1071,1266,1164,987,958,1066,829,973,986,994,929,1279,1227,1764,1582,29950,29957,29963,29965,29978,29979,29979,29980,29980,29981,29981,29982,29984,29985,29984]} 1. d4 d5 2. c4 dxc4 3. e4 e5 4. Nf3 exd4 5. Bxc4 Bb4+ 6. Nbd2 Nc6 7. O-O Nf6 8. e5 Nd5 9. Nb3 Nb6 10. Bg5 Be7 $1 {D20: Queen's Gambit Accepted: 3 e3 and 3 e4} 11. Bxe7 Qxe7 12. Bb5 Bd7 {White is slightly better.} 13. Bxc6 (13. Re1 O-O-O 14. Rc1 d3 15. Qd2 g6 16. Nc5 Be8 17. Bxd3 {1-0 (37) Anand,V (2788)-Dominguez Perez,L (2719) Moscow 2009}) 13... Bxc6 14. Nfxd4 Bd5 15. Qg4 g6 16. Rfe1 {[#]} c6 $146 ({Predecessor:} 16... Rd8 17. e6 Qf6 18. Nb5 fxe6 19. Nxc7+ {½-½ (87) Dreev,A (2683)-Grischuk,A (2671) Wijk aan Zee 2002}) 17. f4 Nc4 18. Qe2 $36 {[%mdl 2048] White has the initiative.} O-O 19. Rac1 b5 20. Rc3 (20. Na1 $11) 20... Rae8 21. Nc1 ({Better is} 21. Nd2 $11) 21... Qb7 {next ...f6 is good for Black.} 22. b3 Nd6 (22... Qb6 $5 {[%cal Rb6d4]} 23. Rd1 Na3 $11) 23. Re3 {[%cal Bc3e3,Be3e4,Be4d4][%mdl 32]} Nc8 (23... c5 $11 24. exd6 Rxe3 25. Qxe3 cxd4 26. Qxd4 Bxg2) 24. b4 (24. f5 $1 $16) 24... Qb6 $11 25. Ncb3 Bxb3 26. Nxb3 Ne7 27. Qf2 Nd5 {[%mdl 64] Double Attack} 28. Re4 $1 Qxf2+ 29. Kxf2 f6 30. e6 f5 31. Rd4 Rf6 (31... Kg7 $11) 32. Nc5 $16 Re7 (32... a6 $142) 33. Kf3 (33. a4 $1 $16 {[%cal Ra4b5] axb5 is the strong threat.} a6 34. a5) 33... Kg7 {[#]} (33... Rf8 $14) 34. Red1 ({White should try} 34. a4 $1 $16 {[%cal Ra4b5] Threatens to win with axb5.} a6 35. a5) 34... Rf8 $11 35. R1d3 Rfe8 36. Ra3 Kf6 37. Ra6 Nc7 (37... Rc7 $11) 38. Rxc6 $16 Nxe6 39. Ra6 Kf7 40. Nxe6 Rxe6 41. Rxa7+ R8e7 42. Rxe7+ (42. Ra3 {is more complex.} Re1 43. Rd5 R7e4 44. Rd7+ Ke6 45. Rxh7 Rf1+ 46. Kg3) 42... Rxe7 {[%mdl 4096] Endgame KR-KR} 43. a3 Ra7 44. Rd3 Ke6 45. Ke3 Rc7 46. Kd2 Rc4 (46... h5 $16 {was worth a try.}) 47. g3 $18 Rc7 {[#]} (47... Rc6 {might work better.} 48. Rc3 Rb6) 48. Rc3 $1 {[%cal Rc3c7]} Ra7 49. Kc2 Kd5 50. Kb3 Kd4 {Hoping for ...Rxa3+!} 51. Rc5 Rb7 52. a4 bxa4+ 53. Kxa4 Ra7+ 54. Kb3 Re7 (54... Ra1 $142 55. Rc7 h5) 55. Rc2 Rb7 56. Rd2+ Ke3 57. Rd5 Ke4 58. Re5+ Kf3 59. Rc5 Ke4 $2 (59... Kg4 {is more resistant.} 60. b5 Kh3) 60. b5 Kd4 61. Kb4 Ra7 62. Rc2 Kd3 63. Rb2 Rb7 64. Ra2 Kd4 65. Rd2+ Ke3 66. Rd6 Ra7 67. Ra6 Rd7 68. b6 h5 69. Kc5 h4 70. Ra3+ {White mates.} Ke4 71. Rb3 hxg3 72. hxg3 Rd5+ 73. Kc6 Rd8 74. b7 Rb8 75. Kc7 Rxb7+ 76. Kxb7 Kd5 {Accuracy: White = 66%, Black = 31%.} 1-0

[Event "Asian Zonal-ch 3.5 Women 2019"]
[Site "Zi Bo"]
[Date "2019.09.11"]
[Round "11.8"]
[White "Zhang, Lanlin"]
[Black "Cai Youyang"]
[Result "1-0"]
[WhiteElo "2203"]
[BlackElo "1910"]
[Annotator "TA"]
[PlyCount "73"]
[EventDate "2019.09.05"]
[EventType "swiss"]
[EventCountry "CHN"]
[SourceTitle "playchess.com"]
[Source "ChessBase"]
[SourceQuality "1"]

{[%evp 12,103,30,10,37,24,40,20,22,23,56,24,34,36,35,10,59,27,43,39,50,50,79,66,96,79,81,47,61,64,60,68,77,55,165,113,114,97,102,32,39,23,39,16,94,15,21,24,20,17,39,5,10,8,28,-39,150,145,393,382,395,419,427,410,887,802,802,800,796,793,788,788,775,766,761,737,1187,1137,881,590,581,586,573,518,505,424,1265,1097,1493,1493,1137,304,694,287]} 1. e4 e5 2. Nf3 Nc6 3. Bc4 Nf6 4. d3 Be7 5. O-O O-O 6. c3 d6 7. h3 Be6 {C55: Two Knights: 4 d3, 4 d4 exd4 5 e5 and Max Lange Attack} (7... Na5 8. Bb5 a6 9. Ba4 b5 10. Bc2 c5 11. Nbd2 Nc6 12. Re1 Qc7 13. Nh2 Be6 14. Ndf1 d5 15. Ng3 Rad8 16. Qf3 d4 17. Ng4 Nxg4 18. hxg4 dxc3 19. bxc3 b4 20. Bb2 Bg5 21. cxb4 Nxb4 {0-1 (47) Shanava,K (2528)-Benidze,D (2473) Tbilisi 2015}) 8. Nbd2 {[%cal Bb1d2,Bd2f1,Bf1e3][%mdl 32]} d5 9. Bb5 Nd7 {The position is equal.} 10. Re1 Bd6 11. Nf1 a6 12. Ba4 b5 13. Bc2 $146 ({Predecessor:} 13. Bb3 d4 14. Bxe6 fxe6 15. a4 {½-½ (39) Salimsky,A-Kozlov,Y Kiev 1999}) 13... dxe4 14. dxe4 h6 15. Ne3 Nf6 16. Nh4 Bc5 17. Qf3 Ng4 {aiming for ...Nxe3.} 18. Nhf5 Nxe3 19. Nxe3 Ne7 20. Rd1 Qe8 21. Nf5 f6 {[#]} 22. Qg4 $1 {[%csl Gf5][%cal Rg4g7][%mdl 512]} Ng6 (22... Bxf5 $1 $14 23. exf5 Kh8) 23. Rd3 (23. Bb3 $18 {Black must now prevent Bxe6+.} Kh7 24. Rd3 Bxf5 25. exf5) 23... Kh7 $16 24. Rg3 {And now b4 would win.} Rg8 25. Qh5 (25. Bb3 $16 Bxb3 26. axb3) 25... Bf8 $1 $14 26. Qf3 Ne7 27. a4 g6 {[#]} (27... Rd8 $11 {keeps the balance.}) 28. Ne3 ({White should try} 28. Nxh6 $1 $16 {Hoping for Ng4.} Bxh6 29. Bxh6) 28... Bg7 $11 29. h4 $36 {[%mdl 2048] White has the initiative.} h5 30. Qe2 c6 31. b3 Qf7 32. c4 Bh6 33. Bd2 ({Better is} 33. Rf3 $11) 33... f5 $2 (33... Bf4 $15 {keeps the upper hand.}) 34. exf5 $16 gxf5 $2 (34... Bxf5 $16 {was necessary.} 35. Nxf5 {[%mdl 64] Discovered Attack} (35. axb5 axb5 36. Rxa8 Rxa8 $16) 35... Nxf5) 35. Rxg8 $18 Rxg8 36. axb5 axb5 37. cxb5 {Played: Ra1-a7} 1-0